Lillian Gish Filmography - Statistics

General Stats
  • This quiz has been taken 14 times
    2 since last reset
  • The average score is 13 of 189
Answer Stats
Type Year Name % Correct
Film 1946 Duel in the Sun
100%
Film 1916 Intolerance
100%
Film 1915 The Birth of a Nation
100%
Film 1955 The Night of the Hunter
100%
Short Film 1912 An Unseen Enemy
50%
Film 1919 Broken Blossoms or The Yellow Man and the Girl
50%
TV Documentary 1975 D.W. Griffith
50%
Film 1914 Judith of Bethulia
50%
Documentary 1984 Lillian Gish
50%
Film 1921 Orphans of the Storm
50%
Film 1948 Portrait of Jennie
50%
Film 1924 Romola
50%
Short Film 1912 So Near, yet So Far
50%
Short Film 1913 The Battle at Elderbush Gulch
50%
Short Film 1913 The Mothering Heart
50%
Short Film 1912 The Musketeers of Pig Alley
50%
Short Film 1912 The Painted Lady
50%
Film 1987 The Whales of August
50%
Film 1928 The Wind
50%
Film 1919 True Heart Susie
50%
Film 1920 Way Down East
50%
Short Film 1912 A Cry for Help
0%
Short Film 1914 A Duel for Love
0%
TV Film 1985 Adventures of Huckleberry Finn
0%
TV Special 1978 AFI Life Achievement Award: A Tribute to Henry Fonda
0%
TV Special 1984 AFI Life Achievement Award: A Tribute to Lillian Gish
0%
TV Special 1981 A Gift of Music
0%
Theater 1913 A Good Little Devil
0%
TV Special 1985 All-Star Party for 'Dutch' Reagan
0%
Theater 1960-1961 All the Way Home
0%
Short Film 1913 A Misunderstood Boy
0%
Short Film 1913 A Modest Hero
0%
Theater 1975-1976 A Musical Jubilee
0%
Short Film 1913 An Indian's Loyalty
0%
Film 1916 An Innocent Magdalene
0%
Film 1927 Annie Laurie
0%
Theater 1965 Anya
0%
Film 1919 A Romance of Happy Valley
0%
TV Film 1969 Arsenic and Old Lace
0%
Short Film 1913 A Timely Interception
0%
Film 1978 A Wedding
0%
Short Film 1913 A Woman in the Ultimate
0%
Film 1925 Ben-Hur: A Tale of the Christ
0%
Short Film 1912 Brutality
0%
TV Show 1975 Camera Three
0%
Theater 1932 Camille
0%
Short Film 1915 Captain Macklin
0%
TV Show 1951 Celanese Theatre
0%
TV Show 1950 Celebrity Time
0%
TV Special 1953 Christmas Festival Hour of Music
0%
Film 1942 Commandos Strike at Dawn
0%
Theater 1947-1948 Crime and Punishment
0%
Film 1916 Daphne and the Pirate
0%
Theater 1939 Dear Octopus
0%
Film 1916 Diane of the Follies
0%
TV Show 1978 Dinah!
0%
Short Film 1913 During the Round-Up
0%
Short Film 1915 Enoch Arden
0%
Film 1966 Follow Me, Boys!
0%
TV Show 1956 Ford Star Jubilee
0%
Short Film 1922 From Farm to Fame
0%
Short Film 1912 Gold and Glitter
0%
Film 1983 Hambone and Hillie
0%
Theater 1936-1937 Hamlet
0%
TV Special 1987 Happy 100th Birthday, Hollywood
0%
Theater 1987 Happy Birthday, Mr. Abbott!
0%
Film 1918 Hearts of the World
0%
Film 1933 His Double Life
0%
Short Film 1915 His Lesson
0%
TV Film 1983 Hobson's Choice
0%
Documentary Series 1972 Hollywood
0%
Documentary Mini-Series 1980 Hollywood
0%
TV Special 1978 Hollywood's Diamond Jubilee
0%
Film 1914 Home, Sweet Home
0%
TV Special 1984 In Concert at the Met
0%
Theater 1968 I Never Sang for My Father
0%
Short Film 1912 In the Aisles of the Wild
0%
Short Film 1913 Just Gold
0%
TV Show 1955 Kraft Television Theatre
0%
Film 1926 La Bohème
0%
Documentary 1970 Langlois
0%
Short Film 1918 Lillian Gish in a Liberty Loan Appeal
0%
Short Film 1914 Lord Chumley
0%
Short Film 1913 Madonna of the Storm
0%
Short Film 1914 Man's Enemy
0%
Theater 1951 Miss Mabel
0%
Film 1946 Miss Susie Slagle's
0%
TV Show 1963 Mr. Novak
0%
TV Documentary 1963 Mrs. Winchester's House
0%
Theater 1942 Mr. Sycamore
0%
Short Film 1912 My Baby
0%
TV Special 1982 Night of 100 Stars
0%
TV Special 1985 Night of 100 Stars II
0%
Theater 1933 Nine Pine Street
0%
Short Film 1913 Oil and Water
0%
Film 1930 One Romantic Night
0%
Film 1958 Orders to Kill
0%
Short Film 1916 Pathways of Life
0%
Documentary Series 1954 Person to Person
0%
TV Show 1960 Play of the Week
0%
TV Show 1955 Playwrights '56
0%
Director 1920 Remodeling Her Husband
0%
TV Show 1949, 1951, 1953 Repertory Theatre
0%
TV Show 1951, 1954 Robert Montgomery Presents
0%
TV Special 1980 Royal Variety Performance
0%
TV Show 1952 Schlitz Playhouse of Stars
0%
Film 1916 Sold for Marriage
0%
Short Film 1913 So Runs the Way
0%
Film 1917 Souls Triumphant
0%
TV Film 1978 Sparrow
0%
Radio Series 1943 Suspense
0%
Film 1986 Sweet Liberty
0%
TV Show 1956 The Alcoa Hour
0%
TV Show 1964 The Alfred Hitchcock Hour
0%
Short Film 1914 The Angel of Contention
0%
TV Special 1985 The Annual Waldorf Gala Salute to Myrna Loy
0%
TV Show 1961 Theatre '62
0%
Film 1914 The Battle of the Sexes
0%
Short Film 1912 The Burglar's Dilemma
0%
TV Show 1954 The Campbell Playhouse
0%
TV Show 1978 The Carol Burnett Show
0%
Theater 1956 The Chalk Garden
0%
Film 1916 The Children Pay
0%
Film 1955 The Cobweb
0%
Film 1967 The Comedians
0%
Short Documentary 1967 The Comedians in Africa
0%
Short Film 1913 The Conscience of Hassan Bey
0%
Theater 1950 The Curious Savage
0%
TV Show 1962, 1964 The Defenders
0%
TV Documentary 1966 The Director
0%
TV Show 1962 The DuPont Show of the Week
0%
TV Show 1955, 1961 The Ed Sullivan Show
0%
Film 1927 The Enemy
0%
Theater 1958 The Family Reunion
0%
TV Special 1986 The Film Society of Lincoln Center Annual Gala Tribute to Elizabeth Taylor
0%
TV Special 1983 The Film Society of Lincoln Center Annual Gala Tribute to Laurence Olivier
0%
TV Special 1978 The Film Society of Lincoln Center Tribute to George Cukor
0%
Short Film 1914 The Folly of Anne
0%
TV Show 1949 The Ford Theatre Hour
0%
Film 1919 The Greatest Question
0%
Film 1918 The Greatest Thing in Life
0%
Film 1918 The Great Love
0%
Short Film 1914 The Green-Eyed Devil
0%
Documentary Series 1978 The Hollywood Greats
0%
Film 1916 The House Built Upon Sand
0%
Short Film 1913 The House of Darkness
0%
Short Film 1914 The Hunchback
0%
Short Film 1912 The Informer
0%
TV Show 1969 The Joey Bishop Show
0%
Theater 1934 The Joyous Season
0%
TV Special 1982 The Kennedy Center Honors: A Celebration of the Performing Arts
0%
Short Film 1913 The Lady and the Mouse
0%
Short Film 1913 The Left-Handed Man
0%
Theater 1948 The Legend of Leonora
0%
Film 1915 The Lily and the Rose
0%
Theater 1903 The Little Red Schoolhouse
0%
Short Film 1913 The Little Tease
0%
Short Film 1915 The Lost House
0%
TV Show 1981 The Love Boat
0%
Theater 1947 The Marquise
0%
TV Show 1969, 1971, 1980 The Merv Griffin Show
0%
TV Show 1969, 1971, 1973, 1976, 1978 The Mike Douglas Show
0%
Short Film 1912 The New York Hat
0%
Short Film 1912 The One She Loved
0%
Short Film 1914 The Quicksands
0%
Short Film 1914 The Rebellion of Kitty Belle
0%
Film 1926 The Scarlet Letter
0%
Documentary Series 1975 The Silent Years
0%
Short Film 1914 The Sisters
0%
TV Film 1961 The Spiral Staircase
0%
TV Special 1977 The Stars Salute America's Movies
0%
Theater 1937-1938 The Star-Wagon
0%
Theater 1947 The Story of Mary Suratt
0%
Short Film 1914 The Tear That Burned
0%
TV Film 1953 The Trip to Bountiful
0%
Theater 1953 The Trip to Bountiful
0%
Film 1960 The Unforgiven
0%
Short Film 1913 The Unwelcome Guest
0%
Film 1923 The White Sister
0%
TV Film 1981 Thin Ice
0%
Theater 1963 Too True to Be Good
0%
Film 1943 Top Man
0%
TV Film 1976 Twin Detectives
0%
Short Film 1912 Two Daughters of Eve
0%
Theater 1930, 1973 Uncle Vanya
0%
Film 1967 Warning Shot
0%
Documentary Series 1955 Wide Wide World
0%
Theater 1934-1935 Within the Gates
0%
TV Show 1951 Wonderful Town, U.S.A.
0%
No matching quizzes found
Score Distribution
Percent of People with Each Score
Percentile by Number Answered
Your Score History
You have not taken this quiz since the last reset